000 00429nam a2200181Ia 4500
001 11366
005 20260306162822.0
008 260306t2022||||xx |||||||||||||| ||spa||
041 _aESP
082 _a985.04
_bB141B
100 _aDargent Chamot, Eduardo,
_eAUT
245 0 _aAlegorías de la libertad
260 _c2022
300 _a98 páginas :
_c20 cm.
650 _aGEN
654 _aCHU
942 _cLIB
_dJUS
_fJUS
_2ddc
_n
999 _c11366
_d11366